Giáo trình nguồn nhân lực

Αποθηκεύτηκε σε:
Λεπτομέρειες βιβλιογραφικής εγγραφής
Κύριος συγγραφέας: Nguyễn, Tiệp
Μορφή: Βιβλίο
Γλώσσα:Undetermined
Έκδοση: Hà Nội Lao động - Xã hội 2005
Θέματα:
Ετικέτες: Προσθήκη ετικέτας
Δεν υπάρχουν, Καταχωρήστε ετικέτα πρώτοι!
Thư viện lưu trữ: Trung tâm Học liệu Trường Đại học Cần Thơ
LEADER 00514nam a2200181Ia 4500
001 CTU_103589
008 210402s9999 xx 000 0 und d
082 |a 658.3 
082 |b T307 
100 |a Nguyễn, Tiệp 
245 0 |a Giáo trình nguồn nhân lực 
245 0 |c Nguyễn Tiệp 
260 |a Hà Nội 
260 |b Lao động - Xã hội 
260 |c 2005 
650 |a Personnel management 
904 |i Hiếu 
980 |a Trung tâm Học liệu Trường Đại học Cần Thơ